Story of My Life - One Direction (All Lyrics) - Statistics

General Stats
  • This quiz has been taken 56 times
  • The average score is 273 of 355
Answer Stats
Answers % Correct
I
100%
my
97%
story
97%
the
97%
The
97%
(the
97%
life
94%
of
94%
of)
94%
to
94%
in
92%
it
89%
It
89%
all
86%
And
86%
and
86%
her
86%
home
86%
night
86%
drive
83%
be
81%
take
81%
can't
78%
on
78%
that
78%
but
75%
frozen
75%
inside
75%
walls
75%
Written
75%
written
75%
are
72%
is
72%
it's
72%
keep
72%
She
72%
she
72%
these
72%
heart
69%
I'll
69%
me
69%
warm
69%
leave
67%
Leave
67%
open
67%
stories
67%
tonight
67%
gone
64%
morning
64%
you
64%
explain
61%
for
61%
will
61%
give
58%
(give
58%
here
58%
love
58%
right
58%
see
58%
stays
58%
time
58%
when
58%
words
58%
between
56%
feel
56%
she's
56%
so
56%
us
56%
been
53%
hope
53%
hope)
53%
nothin'
53%
stone
53%
tight
53%
told
53%
until
53%
bones
50%
cage
50%
change
50%
days
50%
don't
50%
empty
50%
I've
50%
seems
50%
too
50%
beneath
47%
die
47%
feet
47%
ground
47%
holdin'
47%
know
47%
same
47%
spend
47%
about
44%
broken
44%
chasin'
44%
clouds
44%
colors
44%
this
44%
way
44%
wide
44%
with
44%
come
42%
after
39%
around
39%
baby
39%
like
39%
runnin'
39%
bright
36%
fire
36%
burnin'
33%
light
33%
still
33%
up
33%
waiting
33%
Although
28%
hill
28%
untamed
28%
am
25%
No matching quizzes found
Score Distribution
Percent of People with Each Score
Percentile by Number Answered
Your Score History
You have not taken this quiz